Landscape plant manual for Saudi Arabia /

محفوظ في:

المؤلف الرئيسي: Ricks, Geoff.

التنسيق: كتاب

اللغة: English

منشور في: Jeddah, Saudi Arabia : Scientific Publishing Centre, King Abdulaziz University, c1992.

الطبعة: 1st ed.

الموضوعات:

الوسوم: إضافة وسم

لا توجد وسوم, كن أول من يضع وسما على هذه التسجيلة!

رقم الطلب: SB407.3 .S33 R53

LEADER 00776nam a22002177a 4500
003 OSt
005 20251124120113.0
008 251124t1992 su ab b 001 0 eng d
040 |c ARCE Library 
050 1 4 |a SB407.3 .S33  |b R53 
100 1 |a Ricks, Geoff. 
245 1 0 |a Landscape plant manual for Saudi Arabia /   |c Geoff Ricks. 
250 |a 1st ed. 
264 1 |a Jeddah, Saudi Arabia :   |b Scientific Publishing Centre, King Abdulaziz University,   |c c1992. 
300 |a xxii, 367 pages :   |b illustrations (some color), map ;   |c 29 cm. 
504 |a Includes bibliographical references (p. 291-292) and indexes. 
650 0 |a Landscape plants -- Saudi Arabia -- Pictorial works. 
650 0 |a Landscape plants -- Saudi Arabia. 
901 |a reviewed 
942 |2 lcc  |c BK 
999 |c 49271  |d 49271